Match the Concert Film to the Artist - Statistics

General Stats
  • This quiz has been taken 9 times
  • The average score is 13 of 18
Answer Stats
Hint Answer % Correct
Ziggy Stardust and the Spiders from Mars David Bowie
100%
Stop Making Sense Talking Heads
100%
Gimme Shelter The Rolling Stones
100%
Let There Be Rock AC/DC
89%
Sign o' the Times Prince
89%
The Eras Tour Taylor Swift
89%
The Song Remains the Same Led Zeppelin
78%
Through the Never Metallica
78%
Live at Pompeii Pink Floyd
78%
Rattle and Hum U2
78%
Hell Freezes Over Eagles
67%
Rust Never Sleeps Neil Young
67%
This Is It Michael Jackson
56%
... Rock Montreal Queen
56%
The Last Waltz The Band
56%
Homecoming Beyoncé
44%
That's the Way It Is Elvis Presley
44%
Never Say Never Justin Bieber
44%
No matching quizzes found
Score Distribution
Percent of People with Each Score
Percentile by Number Answered
Your Score History
You have not taken this quiz